Diseño de estrategias pedagógicas para el proceso enseñanza-aprendizaje por competencias del teorema de Pitágoras y su utilidad para los estudiantes de primero de secundaria, escuela Elvira de Mendoza, Santo Domingo Este / (Record no. 14314)

MARC details
000 -LEADER
campo de control de longitud fija 01907nam a2200397 4500
001 - NÚMERO DE CONTROL
campo de control 56267
003 - IDENTIFICADOR DE NÚMERO DE CONTROL
campo de control Biblioteca APEC
005 - FECHA Y HORA DE LA ÚLTIMA TRANSACCIÓN
campo de control 20251014103519.0
008 - DATOS DE LONGITUD FIJA--INFORMACIÓN GENERAL
campo de control de longitud fija 210730b2020 dr ||||| |||| 00| 0 spa d
040 ## - FUENTE DE CATALOGACIÓN
Centro/agencia transcriptor Biblioteca APEC
Centro catalogador/agencia de origen Biblioteca UNAPEC
Lengua de catalogación spa
Normas de descripción rda
041 ## - CÓDIGO DE IDIOMA
Código de lengua del texto/banda sonora o título independiente spa
072 ## - CÓDIGO DE CATEGORÍA DE MATERIA
Código de categoría de materia Facultad de Humanidades
090 ## - LOCALMENTE ASIGNADO TIPO-LC NÚMERO DE CLASIFICACIÓN (OCLC); NÚMERO DE CLASIFICACIÓN LOCAL (RLIN)
Número de clasificación (OCLC) (R) ; Numero de clasificación, CALL (RLIN) (NR) TPG-CI MMM-09 2020
100 1# - ENTRADA PRINCIPAL--NOMBRE DE PERSONA
Nombre de persona Sosa Aquino, Carmen Margarita
Término indicativo de función/relación autor
9 (RLIN) 89670
245 10 - MENCIÓN DEL TÍTULO
Título Diseño de estrategias pedagógicas para el proceso enseñanza-aprendizaje por competencias del teorema de Pitágoras y su utilidad para los estudiantes de primero de secundaria, escuela Elvira de Mendoza, Santo Domingo Este /
Mención de responsabilidad, etc. Carmen Margarita Sosa Aquino ; asesor: Santiago de Jesús Artidiello Moreno
260 ## - PUBLICACIÓN, DISTRIBUCIÓN, ETC.
Lugar de publicación, distribución, etc. Santo Domingo :
Nombre del editor, distribuidor, etc. Universidad APEC,
Fecha de publicación, distribución, etc. 2020
300 ## - DESCRIPCIÓN FÍSICA
Extensión 50 hojas :
Material acompañante/anejo + 1 CD ROM
336 ## - TIPO DE CONTENIDO
Término de tipo de contenido Texto
Código de tipo de contenido txt
Fuente rdacontent
337 ## - TIPO DE MEDIO
Nombre/término del tipo de medio sin mediación
Código del tipo de medio n
Fuente rdamedia
338 ## - TIPO DE SOPORTE
Nombre/término del tipo de soporte volumen
Código del tipo de soporte nc
Fuente rdacarrier
500 ## - NOTA GENERAL
Nota general CAMPUS I
500 ## - NOTA GENERAL
Nota general Tesis en Formato PDF.<br/>Tesis en Formato Electrónico.<br/>Tesis en formato digital.
502 ## - NOTA DE TESIS
Nota de tesis Tesis (Maestría en Ciencias de la Educación Mención Enseñanza de la Matemática Media y Superior) - Universidad APEC, 2020
504 ## - NOTA DE BIBLIOGRAFÍA, ETC.
Nota de bibliografía, etc. Nota Incluye referencias bibliográficas e índice
650 ## - PUNTO DE ACCESO ADICIONAL DE MATERIA--TÉRMINO DE MATERIA
Término de materia o nombre geográfico como elemento de entrada Teorema de Pitágoras
Subdivisión general Enseñanza
-- Metodología
9 (RLIN) 89970
650 ## - PUNTO DE ACCESO ADICIONAL DE MATERIA--TÉRMINO DE MATERIA
Término de materia o nombre geográfico como elemento de entrada Matemáticas
Subdivisión general Enseñanza
9 (RLIN) 89971
650 ## - PUNTO DE ACCESO ADICIONAL DE MATERIA--TÉRMINO DE MATERIA
Término de materia o nombre geográfico como elemento de entrada Geometría
Subdivisión general Enseñanza
9 (RLIN) 89650
650 ## - PUNTO DE ACCESO ADICIONAL DE MATERIA--TÉRMINO DE MATERIA
Término de materia o nombre geográfico como elemento de entrada Geometría
Subdivisión general Problemas, ejercicios, etc.
9 (RLIN) 89917
650 ## - PUNTO DE ACCESO ADICIONAL DE MATERIA--TÉRMINO DE MATERIA
Término de materia o nombre geográfico como elemento de entrada Solución de problemas
Subdivisión general Enseñanza
9 (RLIN) 89931
650 ## - PUNTO DE ACCESO ADICIONAL DE MATERIA--TÉRMINO DE MATERIA
Término de materia o nombre geográfico como elemento de entrada Pedagogía
9 (RLIN) 89972
650 ## - PUNTO DE ACCESO ADICIONAL DE MATERIA--TÉRMINO DE MATERIA
Término de materia o nombre geográfico como elemento de entrada Competencia en educación
9 (RLIN) 25677
700 ## - ENTRADA AGREGADA--NOMBRE PERSONAL
Nombre de persona Artidiello Moreno, Santiago de Jesús
Término indicativo de función/relación asesor
9 (RLIN) 89610
856 ## - LOCALIZACIÓN Y ACCESO ELECTRÓNICOS
Identificador Uniforme de Recurso <a href="https://bibliotecaunapec.blob.core.windows.net/tesis/TPG_CI_MMM_09_2020_ET210238.pdf">https://bibliotecaunapec.blob.core.windows.net/tesis/TPG_CI_MMM_09_2020_ET210238.pdf</a>
Texto de enlace Hacer clic para ver el PDF (956 KB). Trabajo de posgrado.
912 ## -
-- AJRP
942 ## - ELEMENTOS DE ENTRADA SECUNDARIOS (KOHA)
Fuente de la clasificación o esquema de estantería Clasificación Decimal Dewey
Tipo de ítem Koha Tesis impresa

No items available.

© 2024. Todos los Derechos Reservados. Desarrollado por IDEICE